000 01121cam a2200301 a 4500
999 _c3050
_d3050
003 OSt
005 20210810072812.0
008 080929s2008 ke b i000 0 eng
020 _a9789211319569
020 _a9789211319248 (series)
040 _cALUPE UNIVERSITY
042 _alcode
050 0 0 _aHT166
_b.V32 2008
100 1 _aVan Vliet--, Willem,
_d1952-
245 1 0 _aBroad-based partnerships as a strategy for urban liveability :
_ban evaluation of best practices /
_cWillem van Vliet.
260 _aNairobi :
_bUnited Nations Human Settlements Programme,
_c2008.
300 _axiii, 80 p. ;
_c21 cm.
500 _a"HS/973/08E"--T.p. verso.
504 _aIncludes bibliographical references (p. 72-75).
650 0 _aCity planning.
650 0 _aPublic-private sector cooperation.
650 0 _aUrban poor.
650 0 _aCivil society.
710 2 _aUnited Nations Human Settlements Programme.
906 _a7
_bcbc
_corigode
_d3
_encip
_f20
_gy-gencatlg
942 _2lcc
_cBK
_nPW